| 000 | 00765nam a22002177a 4500 | ||
|---|---|---|---|
| 999 |
_c8465 _d8465 |
||
| 003 | AR-CdUCM | ||
| 008 | 190321b ||||| |||| 00| 0 spa d | ||
| 040 |
_aMUNICIPALIDAD PROVINCIAL DEL CUSCO _cBIBLIOTECA MUNICIPAL DEL CUSCO |
||
| 082 |
_a985.008 / _bD85H |
||
| 245 |
_aDocumental del Perú : _bdepartamento de Huanuco / |
||
| 260 |
_aLima : _bIOOPE, _c1974. |
||
| 300 |
_a158 páginas ; _bImágenes. _c21 cm. |
||
| 500 | _aDonación familia Nieto | ||
| 505 | _aContenido: Turismo -- Folklore -- Historia -- Producción y desarrollo -- Cultura y personajes. | ||
| 650 |
_aHistoria de Huanuco _923743 |
||
| 650 |
_aFolklore _91081 |
||
| 650 |
_aProducción _91785 |
||
| 700 |
_aCortazar, Pedro Felipe (director) _917387 |
||
| 942 |
_2ddc _cLIBROS |
||
| 945 | _araen | ||